| Tag |
First Indicator |
Second Indicator |
Subfields |
| LEADER |
00000pam a2200000 a 4500 |
| 001 |
in00000084988 |
| 005 |
20151008054437.0 |
| 008 |
810206s1981 enkabf b 00110 eng |
| 010 |
|
|
|a 81000991
|
| 020 |
|
|
|a 0865310890 (Westview Press) :
|c $25.00 (est.)
|
| 035 |
|
|
|a (OCoLC)07282553
|
| 035 |
|
|
|9 AAJ0679AM
|
| 039 |
0 |
|
|a 2
|b 3
|c 3
|d 3
|e 3
|
| 040 |
|
|
|a DLC
|c DLC
|d TXA
|d UtOrBLW
|
| 043 |
|
|
|a a-my---
|
| 049 |
|
|
|a TXAM
|c [1442069]
|
| 050 |
0 |
0 |
|a DS596
|b .G8 1981
|
| 082 |
0 |
|
|a 959.5
|2 19
|
| 100 |
1 |
|
|a Gullick, J. M.
|
| 245 |
1 |
0 |
|a Malaysia, economic expansion and national unity /
|c John Gullick.
|
| 264 |
|
1 |
|a London :
|b E. Benn ;
|a Boulder, Colo. :
|b Westview,
|c 1981.
|
| 300 |
|
|
|a xiii, 290 pages, 16 unnumbered pages of plates :
|b illustrations ;
|c 22 cm.
|
| 336 |
|
|
|a text
|b txt
|2 rdacontent
|
| 337 |
|
|
|a unmediated
|b n
|2 rdamedia
|
| 338 |
|
|
|a volume
|b nc
|2 rdacarrier
|
| 490 |
1 |
|
|a Nations of the modern world
|
| 500 |
|
|
|a Includes index.
|
| 504 |
|
|
|a Bibliography: pages 263-272.
|
| 651 |
|
0 |
|a Malaysia.
|
| 651 |
|
0 |
|a Malaysia
|x Economic conditions.
|
| 651 |
|
0 |
|a Malaysia
|x Politics and government.
|
| 830 |
|
0 |
|a Nations of the modern world.
|
| 999 |
|
|
|a MARS
|
| 999 |
f |
f |
|s e4e98722-1a30-3d26-9ab5-f98149497a0a
|i 262e19a0-89a9-3db9-9d91-82fe1093a4c2
|t 0
|
| 952 |
f |
f |
|p ric
|a Texas A&M University
|b Rellis Campus
|c Joint Library Facility
|d Remote Storage
|t 0
|e DS596 .G8 1981
|h Library of Congress classification
|i unmediated -- volume
|m A14806101940
|
| 998 |
f |
f |
|a DS596 .G8 1981
|t 0
|l Remote Storage
|